A table collected of the yeeres of our Lord God : and of the yeeres of the Kings of England, from the first yeere of William Conquerour, shewing how the yeeres of our Lord God, and the yeeres of the Kings of England concurre and agree together, by which table it may be quickely accounted, how many yeeres, moneths and dayes be past, since the making of any euidences, instruments, or writings, that haue their dates of the yeeres of the Kings raignes, and not dates of the yeeres of our Lord God. And also it shall be readilie seene, in what yeere of our Lord God those euidences, instruments, or writings were made. Written by William Rastal, and now newly corrected and augmented.

Bibliographic Details
Main Author: Rastell, William, 1508?-1565
Format: eBook
Language:English
Published: At London : Printed by F[elix] K[ingston] for Thomas Adames, and are to be solde in Paules Church-yeard, at the signe of the white Lion, 1598.
Series:Early English books online.
Subjects:
Online Access:Connect to the full text of this electronic book

MARC

Tag First Indicator Second Indicator Subfields
LEADER 00000nam a2200000 4500
001 in00004222647
005 20200806095842.0
006 m g d
007 cr bn |||a|bb|
008 910405s1598 enk o 00| | eng d
035 |a (UnM)99841517 
037 |a CL0036000008  |b ProQuest. 789 E. Eisenhower Parkway, Ann Arbor, MI 48108-3218 
040 |a Cu-RivES  |c Cu-RivES  |d CStRLIN  |e dcrb  |d WaOLN 
100 1 |a Rastell, William,  |d 1508?-1565. 
245 0 2 |a A table collected of the yeeres of our Lord God :  |b and of the yeeres of the Kings of England, from the first yeere of William Conquerour, shewing how the yeeres of our Lord God, and the yeeres of the Kings of England concurre and agree together, by which table it may be quickely accounted, how many yeeres, moneths and dayes be past, since the making of any euidences, instruments, or writings, that haue their dates of the yeeres of the Kings raignes, and not dates of the yeeres of our Lord God. And also it shall be readilie seene, in what yeere of our Lord God those euidences, instruments, or writings were made. Written by William Rastal, and now newly corrected and augmented. 
246 2 |a Table collected of the yeres of our Lorde God, and of the yeres of the kynges of England, from the fyrst yere of William Conquerour 
260 |a At London :  |b Printed by F[elix] K[ingston] for Thomas Adames, and are to be solde in Paules Church-yeard, at the signe of the white Lion,  |c 1598. 
300 |a 1 online resource ([192] pages :  |b tables 
336 |a text  |b txt  |2 rdacontent 
337 |a computer  |b c  |2 rdamedia 
338 |a online resource  |b cr  |2 rdacarrier 
500 |a Printer's name from STC. 
500 |a Signatures: A-M. 
500 |a Reproduction of the original in the Henry E. Huntington Library and Art Gallery. 
510 4 |a STC (2nd edition)  |c 20740. 
533 |a Electronic reproduction.  |b Ann Arbor, Mich. :  |c UMI,  |d 1999-  |f (Early English books online)  |n Digital version of: (Early English books, 1475-1640 ; 244:06)  |7 s1999 miun s 
651 4 |a Great Britain  |x Kings and rulers  |x Chronology  |v Early works to 1800. 
830 0 |a Early English books online. 
856 4 0 |u http://proxy.library.tamu.edu/login?url=https://search.proquest.com/docview/2248569630  |z Connect to the full text of this electronic book  |t 0 
999 f f |s 6bb282d8-85bd-3117-80f7-5826981de7c9  |i 8e05977d-5280-3ddd-a567-c4392c32460f  |t 0 
952 f f |a Texas A&M University  |b College Station  |c Electronic Resources  |d Available Online  |t 0  |h No information provided 
998 f f |t 0  |l Available Online